La comédie politique en Europe / (Record no. 156388)

MARC details
000 -LEADER
campo de control de longitud fija 00609nam a22001815i 4500
001 - NÚMERO DE CONTROL
campo de control 156388
003 - IDENTIFICADOR DE NÚMERO DE CONTROL
campo de control ES-MaACL
005 - FECHA Y HORA DE LA ÚLTIMA TRANSACCIÓN
campo de control 20230906210410.0
008 - DATOS DE LONGITUD FIJA--INFORMACIÓN GENERAL
campo de control de longitud fija 990722s1880 fr |||| | fre d
040 ## - FUENTE DE CATALOGACIÓN
Centro catalogador/agencia de origen CAM
Lengua de catalogación spa
Centro/agencia transcriptor CAM
100 1# - ENTRADA PRINCIPAL--NOMBRE DE PERSONA
Nombre de persona Johnson, Daniel.
9 (RLIN) 128330
245 13 - MENCIÓN DEL TÍTULO
Título La comédie politique en Europe /
Mención de responsabilidad, etc. par Daniel Johnson ; traduit de l'anglais par A. Mazon.
260 ## - PUBLICACIÓN, DISTRIBUCIÓN, ETC.
Lugar de publicación, distribución, etc. Paris :
Nombre del editor, distribuidor, etc. E. Plon et C., imprimeurs-editeurs,
Fecha de publicación, distribución, etc. 1880.
300 ## - DESCRIPCIÓN FÍSICA
Extensión 267 p. ;
Dimensiones 18 cm.
650 04 - PUNTO DE ACCESO ADICIONAL DE MATERIA--TÉRMINO DE MATERIA
Término de materia o nombre geográfico como elemento de entrada Comedia política.
9 (RLIN) 135796
700 11 - ENTRADA AGREGADA--NOMBRE PERSONAL
Nombre de persona Mazon, A.,
Término indicativo de función/relación
9 (RLIN) 129770
852 ## - LOCALIZACIÓN
Ubicación ES-MaACL
Número de control de estantería G-7417
Nota libre -- Enc. pasta española
Holdings
Estatus retirado Estado de pérdida Estado de daño No para préstamo Colección Biblioteca de origen Biblioteca actual Ubicación en estantería Fecha de adquisición Fuente de adquisición Total de préstamos Signatura topográfica completa Código de barras Visto por última vez Precio de reemplazo Tipo de ítem Koha
        Libros del s. XIX Biblioteca del Ateneo de Madrid Biblioteca del Ateneo de Madrid Depósito 2 17/01/2008     G-7417 1163616 23/02/2023 23/02/2023 Libro impreso antiguo